| 000 | 00935nam a22003017a 4500 | ||
|---|---|---|---|
| 001 | 224 | ||
| 003 | FISKH | ||
| 005 | 20231211145323.0 | ||
| 008 | 230307b cb ||||| |||| 00| 0 eng d | ||
| 020 | _z9780590328746 | ||
| 040 |
_aDLC _cDLC _dDLC _dFISKH _beng |
||
| 042 | _alcac | ||
| 050 | 1 | 0 |
_aPZ7.B9836 _b2006 |
| 082 | 0 | 0 |
_a813.54 _219 |
| 100 | 1 | _aByars, Betsy Cromer. | |
| 245 | 1 | 4 |
_aThe midnight fox / _cby Betsy Byars ; Inside illustrations by Ann Grifalconi. |
| 260 |
_aNew York _bScholastic _c2006 |
||
| 300 |
_a157 p. : _bill. ; _c20 cm. |
||
| 505 | _aU | ||
| 520 | _aTom dislikes spending the summer on his aunt's farm until he discovers a black fox in the forest and tracks her to her den. | ||
| 521 | 8 |
_a970
_bLexile |
|
| 521 | 8 |
_aU _bRaz-Plus |
|
| 650 | 1 |
_aFoxes _xFiction. |
|
| 650 | 1 |
_aFarm life _xFiction. |
|
| 700 | 1 | _aGrifalconi, Ann. | |
| 906 |
_a7 _bcbc _corignew _du _eocip _f19 _gy-gencatlg |
||
| 942 |
_2ddc _cBK _n0 |
||
| 999 |
_c224 _d224 |
||